Quiz o Flagach: Wersja Bardzo Trudna - Statystyki

Ogólne statystyki
  • Ten quiz został rozwiązany 18 razy
  • Średni wynik to 5 z 16
Statystyki odpowiedzi
Obrazkowy Odpowiedź % Poprawnych
Morawy
64%
Sao Paulo
55%
Tokio
45%
Juan Fernandez
36%
Madryt
36%
Polski Proporzec Marynarki Wojennej
36%
Sosnowiec
36%
Werona
36%
Karakałpacja
27%
Komprachcice
27%
Ottawa
27%
Armia Brytyjska
18%
Dortmund
18%
Zelandia
18%
Konfederacja Niemieckich Myśliwych Rzeszy
9%
Matabele
9%
Nie znaleziono quizów pasujących do podanych kryteriów
Rozkład punktacji
Procent ludzi z każdym wynikiem
Percentyl według liczby udzielonych odpowiedzi
Twoja historia wyników
Nie rozwiązałeś tego quizu